Loading...
| Visual Arts | 6 | 2 | 0 | 2 | 110 | 47 | 67.88 | 3 | 8 |
| Fine Arts - Other Arts | 5 | 3 | 0 | 0 | 105 | 22 | 74.50 | 3 | 8 |
| Auditory Arts | 3 | 2 | 1 | 1 | 60 | 53 | 87.80 | 1 | 5 |
| Beliefs | 0 | 6 | 0 | 4 | 60 | 92 | 106.00 | 1 | 6 |
| Literature - American Literature | 1 | 4 | 1 | 3 | 50 | 30 | 90.60 | 2 | 5 |
| Literature - European Literature | 2 | 2 | 1 | 0 | 45 | 36 | 77.50 | 3 | 4 |
| Literature - World Literature | 0 | 4 | 0 | 0 | 40 | 101 | 105.50 | 1 | 4 |
| History - World History | 2 | 1 | 1 | 1 | 35 | 31 | 64.00 | 1 | 3 |
| Science - Biology | 0 | 3 | 0 | 1 | 30 | 96 | 103.33 | 2 | 3 |
| Literature - British Literature | 0 | 3 | 0 | 1 | 30 | 98 | 102.00 | 1 | 3 |
| Science - Chemistry | 0 | 2 | 0 | 0 | 20 | 58 | 79.00 | 1 | 2 |
| History - American History | 0 | 2 | 1 | 0 | 15 | 71 | 83.00 | 1 | 2 |
| Philosophy | 0 | 2 | 1 | 0 | 15 | 96 | 99.00 | 1 | 2 |
| History - European History | 0 | 1 | 0 | 0 | 10 | 75 | 75.00 | 0 | 1 |
| Science - Other Science | 0 | 1 | 0 | 0 | 10 | 71 | 71.00 | 0 | 1 |
| History - Ancient History | 0 | 1 | 0 | 0 | 10 | 135 | 135.00 | 1 | 1 |
| History - Other History | 0 | 1 | 1 | 1 | 5 | 137 | 137.00 | 0 | 1 |
| Science - Physics | 0 | 1 | 1 | 0 | 5 | 104 | 104.00 | 0 | 1 |
| Social Science | 0 | 1 | 2 | 0 | 0 | 91 | 91.00 | 0 | 1 |